Guess these random Kpop idols #8 - Statistics

General Stats
  • This quiz has been taken 470 times
  • The average score is 9 of 17
Answer Stats
Picture Answer % Correct
Lisa - Blackpink
97%
Jungkook - BTS
93%
Soobin - TxT
81%
Jungwon - Enhypen
74%
Eunchae - Le Sserafim
70%
Mark - NCT 127
70%
Jeongyeon - Twice
69%
Seungkwan - Seventeen
58%
Soojin - Gidle
57%
Yeosang - Ateez
54%
Seulgi - Red Velvet
46%
Lay - Exo
31%
Chaehyun - Kep1er
16%
Somin - Kard
15%
Sua - Dreamcatcher
13%
JiU - Dreamcatcher
12%
Tag - Golden Child
4%
No matching quizzes found
Score Distribution
Percent of People with Each Score
Percentile by Number Answered
Your Score History
You have not taken this quiz